000 00555nam a22001697a 4500
999 _c19451
_d19451
003 AR-CdUCM
008 190517b ||||| |||| 00| 0 spa d
040 _aMUNICIPALIDAD PROVINCIAL DEL CUSCO
_cBIBLIOTECA MUNICIPAL DEL CUSCO
082 _a838 /
_bL86
100 _aLothar, Ernst
_940782
245 _aRetorno a la vida /
260 _aBuenos Aires :
_bAmericana,
_c1955.
300 _a212 páginas ;
_c25 cm.
505 _aLas costas tal cual son -- Los seres tal cual son -- Ecce homo -- El hombre y las cosas.
942 _2ddc
_cLIBROS
945 _awfj